000 09459cam a22018734i 4500
003 PE-LiUPU
005 20250813165541.0
008 190717s2017 mx a rb 001 0 spa d
020 _a6078546074
020 _a9786078546077
035 _a(Sirsi) a252320
040 _aPE-LiUPU
_bspa
_cPE-LiUPU
_erda
049 _aPRUA
082 0 4 _a615.01
_bL89
_223
100 1 _aLorenzo Velázquez, Benigno,
_eautor.
245 0 0 _aVelázquez :
_bfarmacología básica y clínica /
_cBenigno Lorenzo Velázquez ; directores, Pedro Lorenzo Fernández, [y otros cinco] ; colaboradores, Francisco Abad-Santos, [y otros ciento cincuenta y ocho].
250 _a19ª edición.
264 1 _aMéxico :
_bMédica panamericana,
_c2017.
300 _axxiv, 1257 páginas :
_bilustraciones ;
_c29 centímetros
336 _atext
_2rdacontent
337 _aunmediated
_2rdamedia
338 _avolume
_2rdacarrier
504 _aBibliografía al final de cada capítulo.
504 _aÍndice: páginas 1221-1257.
505 0 _aFarmacología básica - Principios generales -- Absorción y distribución de los fármacos -- Metabolismo y excreción de los fármacos -- Fundamentos de la interacción fármaco-receptor -- Aspectos moleculares de la interacción de los fármacos con sus dianas farmacológicas - Sistema nervioso periférico -- Introducción a la farmacología del sistema nervioso autónomo -- Sistema nervioso parasimpático: fármacos colinomiméticos -- Sistema nervioso autónomo: fármacos antagonistas muscarínicos -- Neurotransmisión adrenérgica. Sistema nervioso simpático: fármacos simpaticomiméticos -- Sistema nervioso simpático: fármacos simpaticolíticos -- Fármacos anestésicos locales - Sistema nervioso central -- Introducción a la farmacología del sistema nervioso central: neurotransmisores, receptores y otros elementos sinápticos -- Fármacos analgésicos opioides -- Fármacos anestésicos generales -- Fármacos anticonvulsivantes y antiepilépticos -- Fármacos en la enfermedad de Parkinson -- Fármacos ansiolíticos e hipnóticos -- Fármacos antipsicóticos -- Fármacos antidepresivos y antimaníacos -- Farmacología de la enfermedad de Alzheimer y de la enfermedad cerebrovascular. Fármacos psicoestimulantes y nootropos -- Drogas de abuso - Aparato cardiovascular -- Fármacos con efecto inotrópico positivo -- Fármacos antiarrítmicos -- Fármacos que actúan sobre el sistema renina-angiotensina -- Fármacos diuréticos -- Fármacos vasodilatadores. Antagonistas del calcio -- Fármacos antianginosos -- Fármacos hipolipemiantes - Autacoides, inflamación y respuesta inmunológica -- Serotonina y fármacos que actúan sobre el sistema serotoninérgico. Purinas -- Histamina y fármacos antihistamínicos. Farmacología de otros mediadores inflamatorios -- Farmacología de los eicosanoides -- Fármacos antiinflamatorios no esteroideos y otros analgésicos-antipiréticos -- Fármacos antirreumáticos y antigotosos -- Fármacos inmunomoduladores - Aparato digestivo -- Farmacología de las secreciones gastrointestinales -- Farmacología de la motilidad gastrointestinal, del vómito y de la enfermedad inflamatoria intestinal - Sistema Endocrino -- Fármacos que actúan en el eje hipotálamo-hipofisario. Farmacología del tiroides -- Fármacos antidiabéticos. Insulinas y antidiabéticos orales -- Farmacología de los esteroides sexuales y sus antagonistas. Anticonceptivos hormonales. Farmacología uterina -- Farmacología de la corteza suprarrenal -- Farmacología del calcio y del hueso - Aparato respiratorio -- Fármacos antitusígenos, expectorantes y mucolíticos -- Fármacos broncodilatadores y antiinflamatorios en el asma y la enfermedad pulmonar obstructiva crónica - Sangre -- Fármacos antianémicos. Factores de crecimiento hemopoyético -- Farmacología de la trombosis y la hemostasia - Quimioterapia antiinfecciosa y antitumoral -- Antibióticos. Generalidades -- Antibióticos b -lactámicos -- Antibióticos aminoglucósidos, tetraciclinas, tigeciclinca y cloranfenicol -- Antibióticos macrólidos y otros antibióticos -- Sulfamidas y trimetoprima. Quinolonas -- Fármacos antituberculosos y antileprosos -- Antisépticos -- Fármacos antiparasitarios -- Fármacos antivíricos -- Fármacos antifúngicos -- Fármacos antineoplásicos - Temas especiales -- Fármacos de uso diagnostico -- Vitaminas. Fitoterapia -- Terapias avanzadas -- Farmacología ocular -- Farmacología de la piel - Farmacología clínica - variabilidad de la respuesta farmacológica -- Monitorización terapéutica de los fármacos -- Interacciones de los fármacos con otros fármacos, con alimentos y con pruebas de laboratorio -- Farmacogenética y farmacogenómica -- Situaciones fisiológicas que modifican la respuesta I: embarazo y lactancia -- Situaciones fisiológicas que modifican la respuesta II: el niño -- Utilización de fármacos en geriatría -- Situaciones patológicas que modifican la respuesta I: insuficiencia hepática o renal -- Situaciones patológicas que modifican la respuesta II: alteraciones endocrinológicas o cardiacas -- Situaciones patológicas que modifican la respuesta III: alteraciones respiratorias, digestivas o inmunitarias - Efectos no deseados de los medicamentos -- Reacciones adversas a los medicamentos -- Hepatotoxicidad y nefrotoxicidad por medicamentos -- Evaluación de los efectos de los medicamentos -- Metodología del ensayo clínico. Desarrollo de nuevos fármacos -- Farmacovigilancia y farmacoepidemiología -- Farmacoeconomía y evaluación de resultados en salud de los medicamentos -- Normativa de la investigación clínica con medicamentos - Evaluación y mejora del uso de medicamentos -- Evaluación de la utilización de los medicamentos -- Mejor uso de los medicamentos -- Medicamentos genéricos y precios de referencia.
526 _aP203
526 _aP200
526 _aSEG65
526 _aSEG64
526 _aSEG63
526 _aSEG62
526 _aSEG61
526 _aSEG60
526 _aSEG59
526 _aSEG58
526 _aSEG57
526 _aSEG56
526 _aSEG55
526 _aSEG54
526 _aSEG53
526 _aSEG52
526 _aSEG51
526 _aSEG50
526 _aSEG49
526 _aSEG48
526 _aSEG47
526 _aSEG46
526 _aSEG24
526 _aSEG23
526 _aSEG22
526 _aSEG21
526 _aSEG20
526 _aSEG19
526 _aSEG18
526 _aSEG17
526 _aSEG16
526 _aSEG14
526 _aSEG13
526 _aSEG12
526 _aSEG11
526 _aSEG10
526 _aSEG09
526 _aSEG06
526 _aSEG05
526 _aSEG04
526 _aSEG03
526 _aSEG02
526 _aSEG68
526 _aSEG66
526 _aSEG45
526 _aSEG25
526 _aSEG01
526 _aP163
526 _aP162
526 _aP161
526 _aP160
526 _aP159
526 _aP158
526 _aP157
526 _aP156
526 _aP155
526 _aP154
526 _aP153
526 _aP152
526 _aP151
526 _aP150
526 _aP149
526 _aP142
526 _aP141
526 _aP140
526 _aP139
526 _aP138
526 _aP137
526 _aP132
526 _aP131
526 _aP130
526 _aP126
526 _aP125
526 _aP124
526 _aP123
526 _aP115
526 _aP122
526 _aP121
526 _aP116
526 _a P114
526 _aP112
526 _aP111
526 _aP104
526 _aP103
526 _aP102
526 _aP101
526 _aP100
526 _aP96
526 _aP95
526 _aP93
526 _aP92
526 _aP91
526 _aP88
526 _aP83
526 _aP82
526 _aP79
526 _aP78
526 _aP75
526 _aP74
526 _aP71
526 _aP69
526 _a P51
526 _aP49
526 _aP48
526 _aP47
526 _aP33
526 _aP31
526 _a P30
526 _aP29
526 _aP27
526 _aP26
526 _aP25
526 _aP24
526 _a P22
526 _aP10
526 _aP09
526 _a P08
526 _aP06
526 _aP05
526 _aP04
526 _aP01
541 _gE001-5;
650 0 4 _aFarmacología.
650 0 4 _aFarmacología clínica.
650 0 4 _aLorenzo Fernández, Pedro,
_edirector.
700 1 _aAbad-Santos, Francisco,
_ecolabolador.
910 _adbm
_bksl
_cksl
_d20190717
942 _2ddc
_cBOOK
994 _aC0
_bPEPRU
596 _a1
999 _a615.01 L89
_wDEWEY
_c31548
_i80294
_d31548
_e2019-10-28
_f2021-11-4
_g3
_lCCODEBUL1
_mBUL
_n7
_p33.86
_q4
_r0
_sY
_tBOOK
_u2019-7-17
_xSALUD
_zP30
_0COMPRA
_1FCOMPR3
_o.STAFF. Colección Ciencias de la Salud
999 _a615.01 L89
_wDEWEY
_c2
_i80295
_d2022-6-22
_e2022-5-24
_f2021-11-4
_g3
_lCCODEBUL1
_mBUL
_n5
_p33.86
_q3
_r0
_sY
_tBOOK
_u2019-7-17
_xSALUD
_zP30
_0COMPRA
_1FCOMPR3
_o.STAFF. Colección Ciencias de la Salud
999 _a615.01 L89
_wDEWEY
_c3
_i80296
_d2020-2-5
_e2019-10-3
_f2021-11-4
_g3
_lCCODEBUL1
_mBUL
_n3
_p33.86
_q9
_r0
_sY
_tBOOK
_u2019-7-17
_xSALUD
_zP30
_0COMPRA
_1FCOMPR3
_o.STAFF. Colección Ciencias de la Salud
980 _81
_gALBERTO SANCHEZ Responsable de Automatización